MARC

LEADER 00000nam0a2200000 4500
001 355772
005 20260210165438.0
035 |a (RuTPU)RU\TPU\retro\13032 
090 |a 355772 
100 |a 20200710d m y0rusy50 ca 
101 0 |a rus 
102 |a RU 
105 |a ab z 000zy 
200 1 |a Очерк деятельности Всероссийского Союза Городов  |e 1914-1915  |e 3733  |f Всероссийский союз городов 
210 |a Москва  |c Типография Т-ва Рябушинских  |d 1916 
215 |a 260 с.  |c ил., карта 
300 |a Текст в русской дореформенной орфографии 
606 |a Государственная власть и управление в России  |x История  |z 1885-1917  |2 stltpush  |3 (RuTPU)RU\TPU\subj\65479  |9 81993 
610 1 |a государственное управление 
610 1 |a политические организации 
610 1 |a общественные организации 
610 1 |a помощь 
610 1 |a раненые 
610 1 |a солдаты 
610 1 |a Первая мировая война 1914-1918 
610 1 |a деятельность 
610 1 |a исторический очерк 
610 1 |a помощь тяжелобольным 
610 1 |a беженцы 
610 1 |a городское управление 
610 1 |a пожертвования 
610 1 |a сбор 
686 |a Т3(2)53  |2 rubbk 
712 0 2 |a Всероссийский союз городов  |3 (RuTPU)RU\TPU\col\27581 
801 1 |a RU  |b 63413507  |c 20200710 
801 2 |a RU  |b 63413507  |c 20200917  |g RCR 
942 |c BK